| 000 | 00579nam a22001937a 4500 | ||
|---|---|---|---|
| 005 | 20251108173212.0 | ||
| 008 | 250721s2005 xx 000 0 ara d | ||
| 082 | 1 | 4 | _a218.62/حمي |
| 100 | 1 |
_aحميد الدين، عبد الله بن محمد _eمؤلف |
|
| 245 | 1 | 0 | _aأفاق و وجهات / |
| 264 | 1 |
_aعمان : _bإستراتيجيات ثقافية، _c2005. |
|
| 300 | _a193 ص. | ||
| 650 | 1 | 7 | _aالصحوة الإسلامية |
| 650 | 1 | 7 | _aدفاع المطاعن |
| 650 | 1 | 7 | _aالمسلمون |
| 650 | 1 | 7 | _aالغرب |
| 942 |
_2ddc _cBK |
||
| 999 |
_c98433 _d98433 |
||